000 01230mam a2200289 a 4500
001 2056209
005 20220326193313.0
008 970324s1996 cr b 000 0 spa d
020 _a9977673020
035 _a(OCoLC)39001800
035 _a(OCoLC)ocm39001800
035 _a(CStRLIN)NYPGR36620783-B
035 _a(NNC)2056209
040 _aNcD
_cNcD
_dNN
_dCStRLIN
082 _a306
_bI19i
100 _aOrtiz O., María Salvadora.
_92204
245 0 0 _aIdentidades y producciones culturales en América Latina /
_c[compiladora, María Salvadora Ortiz O.]
250 _a1. ed.
260 _aSan José, Costa Rica :
_bEditorial de la Universidad de Costa Rica,
_c1996.
300 _axviii, 726 p. ;
_c20 cm.
504 _aIncludes bibliographical references.
505 _tIntroduccion
_tTopicos Generales
_tLiteratura, Valores y Nación
_tHistoriografia, Identidades y practicas culturales
_tIdentidades y literatura
_tIdentidad y educación
_tCulturas populares e identidades
_tModelos de desarrollo de la cultura
_tAutores
650 0 _aGroup identity
_zLatin America.
_vPopular Culture
_92205
650 0 _aNational characteristics, Latin American.
_92206
700 1 _aOrtiz O., María Salvadora.
_92207
999 _c460
_d460